01457nam a22002057a 4500008004100000020001800041040002100059041000800080082001400088100002700102245004200129260003500171300002900206500005300235520095100288650000301239650000301242650000301245650000301248220908s2007 pe ||||gr|||| 00| f spa d a9789972239083 aCO-JMCRcCO-JMCR0 aspa04aA-NbCUEv1 aCueto, Alonso, eautor13aEl vuelo de la ceniza /cAlonso Cueto aPerú : bSeix Barral, c2007 a143 páginas ; c24 cm. aIncluye datos biográficos del autor en solapa.3 aEl doctor Boris Gelman camina por la noche y acaricia un puñal en el bolsillo. Su misión es eliminar a los seres impuros y nocivos que se agazapan en las calles. Mientras tanto, una mujer joven y sensual en busca de venganza le pide a un detective privado que la ayude a encontrarlo. El cielo color ceniza de Lima es el escenario de una cacería que deviene en historia de amor. La ciudad, verdadera protagonista de esta historia, se convierte en una celda que atrapa y devora inesperadamente a sus habitantes. Con un estilo sobrio y contundente, Alonso Cueto no sólo sumerge al lector en una trama apasionante, sino que lo hace vivir una de las aventuras policiales más emocionantes jamás contadas en América Latina. El vuelo de la ceniza reúne todos los elementos de la novela negra: una serie de crímenes, un detective solitario, una mujer misteriosa y la noche, que se cierne sobre los protagonistas como un oscuro vigilante.14242424